02658nam a2200289 a 450000100100000000500170001000800410002702000180006804000250008608200150011110000370012624500930016326000630025630000430031950000580036250000340042050400320045450511820048659000260166870000410169495201280173595201280186395201280199195201130211995201190223299900170235100004601520201002052600.0150611s2012 dr abc 000 0 spa d a9789945004861 aDO-SdBNPbspacBNPHU axxxxbxxxx1 aBissainthe, Jean Ghasmann.9216110aHaití :bel drama nacional /cJean Ghasmann Bissainthe ; prólogo Franklin J. Franco. aSanto Domigo :bEdiciones Librería La Trinitaria,c2012. a469 p. :bil., mapas, retrs. ;c23 cm. aIncluye datos biográficos del autor en las solapas. aIncluye índice onomástico aBibliografía : p. 445-4560 aProblemas geopolíticos y demográficos --tLos mayores sismos y sus consecuencias para Haití --tProcedencia de los esclavos haitianos y del vodú --tMisticismo --tComplejos de los negros --tDimension geopolítica de las sublevaciones esclavas --tPerfiles y creencias de los esclavos --tLa nación haitiana --tConciencia y solidaridad de clase --tEstructuras mentales --tLos extranjeros vistos por los haitianos --tNuevas estructuras haitianas --tSexo, poder y crímenes abyectos --tOntología haitiana --tLuchas raciales y sociales --tLa ideologia indigenista --tAspectos religiosos y mágicos --tEstrategias imperiales de los haitianos --tProyectos unitarios y agrarios --tMentalidad haitiana --tPeríodos históricos y prejuicios raciales --tAmbiciones neo-colonialistas de los europeos y norteamericanos --tNuevas maniobras del Tío Sam --tConsecuencias de la ocupación norteamericana --tIdeología de la negritud y el cacoísmo --tEl poder de los negros y las estrategias mulatas --tEl reino de los Duvalier --tEl periodo post-duvalierista --tDuvalier versus Aristide --tNuevos dramas nacionales --tNuevas fiestas electorales. aInventariado, 2019/VM12aFranco, Franklin J.,epról.919014 001054708DSaGRbGRcHDd2015-06-11iLF1l0oxxxx xxxxp46015-30r2020-06-25te. 3w2020-06-25yLFDSZPréstamo en sala 001054708DSaGRbGRcHDd2019-04-05iLF1l0oxxxx xxxxp46015-40r2020-06-25te. 4w2020-06-25yLFDSZPréstamo en sala 001054708DSaGRbGRcHDd2019-04-05iLF1l0oxxxx xxxxp46015-50r2020-06-25te. 5w2020-06-25yLFDSZPréstamo en sala 0010718PDaPDbPDcHDd2015-06-11iLF1l0oxxxx xxxxp46015-10r2020-06-25w2020-06-25yLFPDZNo se presta 0010718PDaPDbPDcHDd2015-06-11iLF1l0oxxxx xxxxp46015-20r2020-06-25te. 2w2020-06-25yLFPDZNo se presta c45504d45504